Eurovision song contest: the story of fire saga / directed by David Dobkin, written by Will Ferrell, Harper Steele. (Record no. 20915)

000 -LEADER
fixed length control field 01591nam a2200337 4500
008 - FIXED-LENGTH DATA ELEMENTS--GENERAL INFORMATION
fixed length control field 250528b xxu||||| |||| 00| 0 eng d
040 ## - CATALOGING SOURCE
Description conventions RDA
Original cataloging agency Cagayan State University
082 ## - DEWEY DECIMAL CLASSIFICATION NUMBER
Classification number 791.4372
Item number Eu7499 2020
245 ## - TITLE STATEMENT
Title Eurovision song contest: the story of fire saga / directed by David Dobkin, written by Will Ferrell, Harper Steele.
260 ## - PUBLICATION, DISTRIBUTION, ETC. (IMPRINT)
Place of publication, distribution, etc United States :
Name of publisher, distributor, etc Netflix,
Date of publication, distribution, etc 2020.
300 ## - PHYSICAL DESCRIPTION
Extent 1 videofile, 123 minutes:
Other physical details sound, color.
520 ## - SUMMARY, ETC.
Summary, etc When aspiring musicians Lars and Sigrit are given the opportunity to represent their country at the world's biggest song competition, they finally have a chance to prove that any dream worth having is a dream worth fighting for.
Two musicians have the opportunity to represent their country of Iceland at the biggest music contest, Eurovision. Even though they are not that popular, they do everything that they can to make themselves and their country proud on one of the biggest stages in the world.
521 ## - TARGET AUDIENCE NOTE
Target audience note PG-13.
546 ## - LANGUAGE NOTE
Language note English.
650 ## - SUBJECT ADDED ENTRY--TOPICAL TERM
Topical term or geographic name as entry element Comedy.
650 ## - SUBJECT ADDED ENTRY--TOPICAL TERM
Topical term or geographic name as entry element Quirky Comedy.
650 ## - SUBJECT ADDED ENTRY--TOPICAL TERM
Topical term or geographic name as entry element Mockumentary.
700 ## - ADDED ENTRY--PERSONAL NAME
Personal name Ferrell, Will, star.
700 ## - ADDED ENTRY--PERSONAL NAME
Personal name McAdams, Rachel, star.
700 ## - ADDED ENTRY--PERSONAL NAME
Personal name Stevens, Dan, star.
700 ## - ADDED ENTRY--PERSONAL NAME
Personal name Mahut, Melissanthi, star.
700 ## - ADDED ENTRY--PERSONAL NAME
Personal name Persbrandt, Mikael, star.
700 ## - ADDED ENTRY--PERSONAL NAME
Personal name Olafsson, Olafur Darri, star.
700 ## - ADDED ENTRY--PERSONAL NAME
Personal name Norton, Graham, star.
700 ## - ADDED ENTRY--PERSONAL NAME
Personal name Lovato, Demi, star.
700 ## - ADDED ENTRY--PERSONAL NAME
Personal name Brosnan, Pierce, star.
700 ## - ADDED ENTRY--PERSONAL NAME
Personal name Petersdottir, Elin, star.
700 ## - ADDED ENTRY--PERSONAL NAME
Personal name Cohen, Danny, cinematographer.
700 ## - ADDED ENTRY--PERSONAL NAME
Personal name Hayden, Greg, editor.
942 ## - ADDED ENTRY ELEMENTS (KOHA)
Source of classification or shelving scheme
Item type Audio-Visual Materials
Holdings
Source of acquisition Price effective from Permanent location Date last seen Not for loan Date acquired Source of classification or shelving scheme Koha item type Collection code Shelving location Damaged status Lost status Withdrawn status Current location Full call number
Donation2025-05-28Cagayan State University - Carig Library2025-05-28 2025-05-28 Audio-Visual MaterialsElectronic Media CenterElectronic Media Center   Cagayan State University - Carig Library791.4372 Eu7499 2020

Cagayan State University University Library, Carig Campus
Tuguegarao City, Cagayan 3500 | www.csucarig.edu.ph

Powered by Koha